000 00581nam a2200181Ia 4500
005 20250923144713.0
008 008 250917s9999 xx 000 0 eng d
037 _aTextual
040 _aDSWL
_beng
_cDSWL
041 _aeng
_2eng
084 _aY4922:1.23684'N59t4, N60
_qDSWL
100 _aVerma, J.P.
_9827562
245 0 _aSocio economic survey of 90 porters at Simla Railway Station (N.R.)
_cby J.P.Verma
260 _aDelhi
_bDelhi
_c1960
300 _a55,4p.
942 _cTEXL
_hY4922:1.23684'N59t4, N60
999 _c1442283
_d1442283